Les années 80 en chanson - Version internationale - Statistiques

Statistiques générales
  • Ce quiz a été pris 164 fois
  • Le résultat moyen est 13 sur 50
Statistiques - réponses
Artistes Chansons Année % Correct
George Michael I want your sex 1987
68%
Stevie Wonder I just called to say i love you 1984
61%
Irene Cara Flashdance... What a Feeling 1983
58%
Cyndi Lauper Time after time 1984
55%
Kim Wilde Kids in America 1981
52%
USA for Africa We are the world 1985
47%
ACDC Hell's bells 1981
46%
Madness One step beyond 1980
45%
Midnight Oil Beds are burning 1988
45%
Opus Live is life 1985
45%
Berlin Take my breath away 1986
43%
Kylie Minogue I should be so lucky 1988
37%
Modern Talking You're my heart, you're my soul 1985
37%
Police Everything littlle thing she does is magic 1981
37%
Bangles Eternal flame 1989
36%
Black Wonderful life 1988
36%
Samantha Fox Touche me 1986
36%
Eurythmics There must be an angel 1985
33%
A-Ha The sun always shines on TV 1986
30%
Depeche Mode Shake the disease 1985
30%
Cock Robin When your heart is weak 1986
28%
Mike Oldfield Moonlight shadow 1983
27%
Glenn Medeiros Nothing's gonna change my love for you 1988
26%
Inxs Original sin 1984
26%
Barbra Streisand Memories 1982
24%
Chris Rea Josephine 1987
24%
Kajagoogoo Too shy 1983
24%
Ricchi è Poveri Sara perche ti amo 1981
24%
Roxette The look 1989
23%
Tanita Tikaram Twist in my sobriety 1989
21%
P.Lion Happy children 1984
17%
Black Box Ride on time 1989
15%
Olivia Newton-John & Electric Light Orchestra Xanadu 1980
15%
Korgis Everybody's Got to Learn Sometime 1980
13%
Sam Brown Stop 1989
13%
UB40 Food for thought 1980
13%
Billy Ocean When the Going Gets Tough, the Tough Get Going 1986
11%
Indeep Last night a DJ saved my life 1983
11%
Boys Town Gang Can't take my eyes off you 1982
10%
Off Electrica salsa 1987
10%
Sugarhill Gang Rapper's delight 1980
10%
Art Company Susanna 1984
9%
Spagna Call me 1987
9%
Yazz & The Plastic Population The only way is up 1988
9%
Pretenders I go to sleep 1982
8%
Ph.D I won't let you down 1982
7%
Mel Brooks It's good to be the king 1982
6%
David & Jonathan Bella vita 1987
4%
Eddy Grant Do you feel my love ? 1981
4%
Greg Kihn Band Jeopardy 1983
4%
Aucun quiz correspondant
Distribution des résultats
% des personnes avec chaque résultat
Percentile par nombre de réponses
Votre historique - résultats
Vous n’avez pas pris ce quiz